00623nam a2200157Ia 4500999001700000082001200017100002400029245011800053260003800171300001000209650005000219650005000269710002100319942001200340952011300352 c16608d16608 aTT.0133 aThirumali, Inukonda 0aLords and peasants in Telangana 1920-48 : An enquiry into the people's uprising in Nalgonda and Warangal district c1992bJawaharlal Nehru University a350p. aPEASANT UPRISINGS - ANDHRA PRADESH - WARANGAL aPEASANT UPRISINGS - ANDHRA PRADESH - NALGONDA aBhattacharya, S. cTH2ddc 00104070aNASSDOCbNASSDOCd2004-10-08i2008-12-30l0oTT.0133p33105r2019-04-18 00:00:00w2019-04-18yTH